|
|
|
|
| LEADER |
00985nab#a2200325#ar4500 |
| 001 |
000050713 |
| 003 |
SVKKK |
| 005 |
20041208141321.0 |
| 008 |
041208c2004 xo e cze |
| FMT |
|
|
|
| 038 |
|
|
|a SVKKK
|
| 040 |
|
|
|a SVKKK
|b slo
|e AACR2
|
| 041 |
0 |
|
|a cze
|b eng
|
| 044 |
|
|
|a xo
|c SK
|
| 080 |
|
|
|a 621.745.35:621.745
|2 1997
|
| 100 |
1 |
|
|a Tuček, Vít
|4 aut
|
| 245 |
1 |
0 |
|a Použití kyslíku pro intenzifikaci šachtových tavicích pecí =
|b Oxygen application for melting process intensification of shaft furnaces
|c Vít Tuček, Davor Spoljarič, Burghardt Holleis
|
| 300 |
|
|
|b Fotogr., obr., tab.
|
| 504 |
|
|
|a Bibliogr. odkazy
|
| 504 |
|
|
|a Res. angl.
|
| 650 |
0 |
4 |
|a pece taviace šachtové
|x kyslík
|z použitie
|
| 700 |
1 |
|
|a Holleis, Burghardt
|4 aut
|
| 700 |
1 |
|
|a Spoljarič, Davor
|4 aut
|
| 773 |
0 |
|
|t Slévárenství
|x 0037-6825
|g Roč. 52, č. 10 (2004), s. 417-420
|
| 958 |
|
|
|a NB
|
| 974 |
|
|
|a MI
|
| 992 |
|
|
|a RBX
|
| BAS |
|
|
|
| 852 |
|
|
|a SVKKK
|b BIB
|
| 998 |
|
|
|a HUT
|